History by Picture - U - Statistics

General Stats
  • This quiz has been taken 24,984 times
  • The average score is 11 of 18
Answer Stats
Picture Hint Answer % Correct
former country (initials) USSR
96%
discovered in 1781 Uranus
95%
country ruled by this guy Uganda
89%
war recruitment poster character Uncle Sam
85%
settled by Mormons in 1847 Utah
74%
side that wore blue (not grey) Union
73%
his first name was Hiram, but he is better known as .... Ulysses
71%
merchant marine's nightmare? U-Boat
65%
where she was a "conductor" {Underground} Railroad
64%
unsupervised child Street {Urchin}
59%
city with no fixed location until 1778 Ulaanbaatar
59%
where the troubles happened Ulster
56%
Keats poem: Ode on a Grecian ... Urn
54%
famous fugitive Unabomber
51%
spy plane U-2
42%
empire (750 A.D.) {Umayyad} Caliphate
37%
last king of Italy Umberto II
32%
world's tallest building from 1890-1894 {Ulm} Minster
21%
No matching quizzes found
Score Distribution
Percent of People with Each Score
Percentile by Number Answered
Your Score History
You have not taken this quiz